L'Algérie pour les touristes... - Statistiques

Statistiques générales
  • Ce quiz a été pris 260 fois
  • Le résultat moyen est 10 sur 20
Statistiques - réponses
Question Indice Réponses % Correct
Quelles sont les langues officielles ? Arabe
99%
Achats à faire 4/ Bijou berbère
81%
Ce pays est plus grand que la France (oui/non) Oui
70%
La religion majoritaire est Islam
68%
Quel pays a accordé son indépendance à celui-ci ? France
66%
Dans la capitale quel est le décalage horaire avec Paris ? (+ ou - et chiffre) ex - 10 - 1
65%
Quelles sont les principaux lieux touristiques ? S {Sahara} algérien
58%
Quelles sont les principaux lieux touristiques ? O Oran
56%
Quelle est la monnaie ? Dinar algérien
50%
Code sur les plaques minéralogiques DZ
50%
Le suffixe internet est dz
50%
Achats à faire 2/ Huile d'olive de Kabylie
50%
Quel est le régime du pays ? République
41%
Le principal aéroport est N Alger
40%
Achats à faire 3/ CD de... Raï
34%
Achats à faire 1/ Fruits Dates de {Biskra}
30%
Quelles sont les langues officielles ? Tamazight
20%
Quelles sont les principaux lieux touristiques ? G Oasis de {Ghardaïa}
17%
Quels sont les climats locaux ? M & D {Méditerranéen} & {Désertique}
6%
Achats à faire 5/ Pour se protéger du solail Cheich
4%
Aucun quiz correspondant
Distribution des résultats
% des personnes avec chaque résultat
Percentile par nombre de réponses
Votre historique - résultats
Vous n’avez pas pris ce quiz